Movies Quiz

Random Movies or James Bond Quiz

James Bond Characters In Multiple Movies Quiz Stats

Quiz Updated Nov 9, 2015

Also try: James Bond A-Z
Challenge
Share
Tweet
Embed
Score 0/17 Timer 05:00
3 Plays Today
# of Films Character % Correct
23M
97.3%
24James Bond
96.8%
21Q
95.5%
22Miss Moneypenny
87.8%
2Jaws
67%
7Ernst Stavro Blofeld
60.3%
9Felix Leiter
59.5%
3Mr. White
23%
5Bill Tanner
17.9%
# of Films Character % Correct
2Jack Wade
13.6%
6General Gogol
13.3%
2Sheriff J. W. Pepper
13.3%
2Valentin Zukovsky
12.3%
2Sylvia Trench
11.9%
6Sir Frederick Gray
9.4%
2René Mathis
9.1%
3Charles Robinson
8.9%

You're not logged in!

Compare scores with friends on all Sporcle quizzes.
Join for Free
OR
Log In

You Might Also Like...

Show Comments

Extras

Top Quizzes Today


Score Distribution

Your Account Isn't Verified!

In order to create a playlist on Sporcle, you need to verify the email address you used during registration. Go to your Sporcle Settings to finish the process.

Report this User

Report this user for behavior that violates our Community Guidelines.

Details: